000 00682cam a22002413a 4500
001 12974
003 PGUSA
005 20140828083259.0
008 040721s2004||||xxu|||||s|||||000 | eng d
040 _aPGUSA
_beng
042 _adc
050 4 _aPN
050 4 _aPZ
100 1 _aKellogg, Alice Maude,
_d1862-1911
245 1 0 _aChristmas Entertainments
_h[electronic resource] /
_cAlice Maude Kellogg
260 _bProject Gutenberg,
_c2004
506 _aPublic domain in the USA.
516 _aElectronic text
653 _aChristmas -- Exercises, recitations, etc.
830 0 _aProject Gutenberg
_v12974
856 4 0 _uhttp://www.gutenberg.org/ebooks/12974
942 _cEB
999 _c242229
_d242229